000 00491nam a2200217 454500
001 051287
003 BD-ChCU
008 Eng
020 _ax
040 _aDLC
_cDLC
_dBD-ChCU
082 0 0 _a562/S561p
100 1 _ashrock, Robert R.
_bTwenhofel, William H.
245 1 0 _aPrinciples of invertebrate paleontology
_bx
250 _a2
260 _aDelhi
_bCBS
_c1987
300 _axx, 819
504 _aIncudes
650 0 _aFossils
_bZoology
700 1 _ax
942 _2ddc
_cBK
999 _c51287
_d51287